Best Selling NFL Jersey by State 2023-2024 - Statistics

General Stats
  • This quiz has been taken 895 times
  • The average score is 32 of 50
Answers on the Map
Answers color-coded by a green-red scale on the quiz's map according to % correct below.
 
Answer Stats
State Jersey % Correct
South Dakota Mahomes
93%
Arkansas Patrick Mahomes
93%
Iowa Patrick Mahomes
93%
Kansas Patrick Mahomes
93%
Mississippi Patrick Mahomes
93%
Missouri Patrick Mahomes
93%
Montana Patrick Mahomes
93%
Oklahoma Patrick Mahomes
93%
Utah Patrick Mahomes
93%
Minnesota Justin Jefferson
76%
Florida Tyreek Hill
72%
Kentucky Joe Burrow
71%
Ohio Joe Burrow
71%
Maryland Lamar Jackson
69%
Connecticut Aaron Rodgers
67%
Maine Jalen Hurts
67%
Alaska Jalen Hurts
67%
Arizona Jalen Hurts
67%
Delaware Jalen Hurts
67%
Georgia Jalen Hurts
67%
New Jersey Jalen Hurts
67%
New Mexico Jalen Hurts
67%
North Carolina Jalen Hurts
67%
Pennsylvania Jalen Hurts
67%
Rhode Island Jalen Hurts
67%
South Carolina Jalen Hurts
67%
Virginia Jalen Hurts
67%
West Virginia Jalen Hurts
67%
New York Aaron Rodgers
64%
Idaho DK Metcalf
57%
Oregon DK Metcalf
57%
Washington DK Metcalf
57%
North Dakota Micah Parsons
55%
Texas Micah Parsons
55%
Colorado Russell Wilson
55%
Wyoming Russell Wilson
55%
Wisconsin Jordan Love
53%
Massachusetts Mac Jones
52%
New Hampshire Mac Jones
52%
Vermont Mac Jones
52%
Hawaii Christian McCaffrey
51%
Tennessee Derrick Henry
51%
California Christian McCaffrey
51%
Illinois Justin Fields
45%
Michigan Aidan Hutchinson
39%
Nevada Maxx Crosby
39%
Louisiana Alvin Kamara
38%
Indiana Anthony Richardson
32%
Nebraska T.J. Watt
29%
Alabama Najee Harris
15%
No matching quizzes found
Score Distribution
Percent of People with Each Score
Percentile by Number Answered
Your Score History
You have not taken this quiz